Normale Ansicht MARC-Ansicht ISBD

Der Strafvollzug in der Haftanstalt Luckau vor und nach 1945 unter besonderer Berücksichtigung politischer Haft / (Titelsatznr. 372368)

[ MARC ]
MARC-Details
000 -Satzkennung
Kontrollfeld mit fester Länge 00595nam a2200181 4500
008 - Feld mit fester Länge zur physischen Beschreibung - Allgemeine Angaben
Kontrollfeld mit fester Länge 230414b ||||| |||| 00| 0 eng d
040 ## - Katalogisierungsquelle
Original-Katalogisierungsstelle DE-2950
Katalogisierungssprache ger
Übertragungsstelle DE-2950
Beschreibungsfestlegungen rda
245 ## - Titel
Haupttitel Der Strafvollzug in der Haftanstalt Luckau vor und nach 1945 unter besonderer Berücksichtigung politischer Haft /
Verantwortlichkeitsangabe Steffen Alisch
264 ## - Veröffentlichungsangabe, Vertriebsangabe, Herstellungsangabe
Erscheinungs-, Vertriebs-, Herstellungsdatum 2023
653 ## - Lokales Schlagwort
Nicht-normierter Term Luckau
653 ## - Lokales Schlagwort
Nicht-normierter Term Strafvollzug
653 ## - Lokales Schlagwort
Nicht-normierter Term Haftanstalt
773 ## - Übergeordnete Einheit
Verknüpfungsangaben Jahrbuch für die Geschichte Mittel- und Ostdeutschlands, Bd. 67, Heft 1, S. 193
942 ## - Zusätzliche Felder (Koha)
Koha-Medientyp Aufsätze
Exemplare
Ausgeschieden Verloren Beschädigt Nicht entleihbar Permanenter Standort Aktueller Standort Aufstellungsort Eingabedatum Anzahl Ausleihen Signatur Letzte Aktivität Preis gültig von Medientyp
        Stadtarchiv Frankfurt (Oder) | Archivbibliothek Stadtarchiv Frankfurt (Oder) | Archivbibliothek Magazin 14/04/2023   III: 1925 14/04/2023 14/04/2023 Aufsätze